| 000 | 01806nam a22001577a 4500 | ||
|---|---|---|---|
| 999 |
_c519226 _d519226 |
||
| 008 | 220215b ||||| |||| 00| 0 eng d | ||
| 100 |
_a Arunima, Tanushka Sharma _932267 |
||
| 245 | _aManagement of civil liberties during pandemic | ||
| 260 | _aIndian Journal of Public Administration | ||
| 300 | _a67(3), Sep, 2021: p.440-451 | ||
| 520 | _aThe degree of infection and consequent deaths have differed vastly, but Covid-19 pandemic has spared no country. The focus of this article is not to analyse India’s success in responding to this global pandemic but rather to draw lessons from this experience for effective public management in other fields of development. There seems to be an emerging consensus that civil liberties and public management matters. In a public health emergency, the primary responsibility of the government is to balance the foundation which paves way for equity, public welfare, individual and group rights, and a smooth functioning of democratic processes. Specific to the global crisis, the article focuses on how crucial it is to have a broad and free dialogue about civil liberties. Several countries are imposing some or the other form of problematic restrictions on civil liberties of an individual during the Covid-19 pandemic, leading to changing societal scenarios in a negative manner. Therefore, the article highlights the expertise of new public management and deployment of enhanced role of society stakeholders defence of civil liberties, especially in the area of social justice and misinformation. – Reproduced | ||
| 650 |
_aNew public management, Civil liberties, India, Covid-19, Coronavirus pandemic, Government performance management _929908 |
||
| 773 | _aIndian Journal of Public Administration | ||
| 906 | _aNEW PUBLIC MANAGEMENT | ||
| 942 | _cAR | ||